000 00898nam a2200289 a 4500
001 000108012
003 CHAP
005 20220329143953.0
008 131127s2012 mx |r| ||||||spa d
010 _a104474
011 _a105446
020 _a9786077075530
040 _cCHAP
082 0 4 _a657.42
_bC31
100 1 _aCarratalá, Juan Martín
_9124777
245 1 0 _aGerenciamiento estratégico de costos :
_bherramientas prácticas para los procesos de reducción de costos /
_cpor Juan Martín Carratalá y Horacio O. Albano.
260 _aMéxico, D.F. :
_bAlfaomega,
_c2012.
300 _a277 P.
590 _aE5765TAJ
_b05
_c20131127
_lUCH01
_h1326
650 1 4 _aAdministración de empresas.
_9922
650 1 4 _aContabilidad de costos.
_927425
650 1 4 _aCostos de producción.
_928514
700 1 _aAlbano, Horacio O.
_9124778
901 _aBK
942 _cLIBRO
942 _n0
999 _c104474
_d104474